[Event "XXIV Olimpiadi"]
[Site "La Valletta MLT"]
[Date "1980.11.21"]
[Round "2.1"]
[White "Toth, Bela"]
[Black "Torre, Eugenio"]
[Result "0-1"]
[WhiteElo "2390"]
[BlackElo "2520"]
[Annotator "ITA-PHI"]
[PlyCount "72"]
[EventDate "1980.11.20"]

1. d4 d5 2. c4 c6 3. Nc3 Nf6 4. cxd5 cxd5 5. Bf4 Qb6 6. Bc1 Nc6 7. Nf3 Bf5 8.
e3 e6 9. Bd3 Bxd3 10. Qxd3 Bd6 11. O-O O-O 12. Bd2 Rac8 13. Na4 Qc7 14. Rac1
Ne4 15. Nc5 Bxc5 16. dxc5 a5 17. Qb5 Ra8 18. Rfd1 Rfc8 19. b3 Qe7 20. Be1 Na7
21. Qb6 Rc6 22. Ne5 Rxb6 23. cxb6 f6 24. Rc7 Qxc7 25. bxc7 fxe5 26. Bxa5 Nc8
27. f3 Rxa5 28. fxe4 Kf7 29. b4 Rb5 30. Rb1 dxe4 31. a4 Rd5 32. b5 Ke7 33. a5
Kd7 34. a6 bxa6 35. b6 Rb5 36. Rd1+ Kc6 0-1

[Event "XXIV Olimpiadi"]
[Site "La Valletta MLT"]
[Date "1980.11.21"]
[Round "2.2"]
[White "Mascarinas, Rico"]
[Black "Zichichi, Alvise"]
[Result "1/2-1/2"]
[WhiteElo "2375"]
[BlackElo "2395"]
[Annotator "ITA-PHI"]
[PlyCount "84"]
[EventDate "1980.11.20"]

1. Nf3 Nf6 2. c4 e6 3. Nc3 d5 4. d4 c6 5. e3 Nbd7 6. Bd3 dxc4 7. Bxc4 b5 8. Bb3
b4 9. Na4 c5 10. e4 cxd4 11. e5 Nd5 12. O-O g6 13. Re1 Bg7 14. Bc2 Qc7 15. Bb3
Bb7 16. Qxd4 Ne7 17. Bf4 Bxf3 18. gxf3 Nf5 19. Qe4 O-O 20. Rac1 Qb8 21. Red1
Bxe5 22. Bg3 Bxg3 23. hxg3 Nf6 24. Qe1 a5 25. Kg2 Ra7 26. Nc5 e5 27. Ba4 Nd4
28. Nb3 Rd8 29. Qe3 Nd5 30. Qe4 Nb6 31. Nxd4 Rxd4 32. Rxd4 exd4 33. Bb5 Qd8 34.
Rd1 Qg5 35. Qc6 Nd7 36. Rxd4 Nf8 37. Bc4 Qe5 38. Re4 Qxb2 39. Re8 Qd4 40. Bb5
Kg7 41. Qc8 Qd6 42. Rd8 Qe7 1/2-1/2

[Event "XXIV Olimpiadi"]
[Site "La Valletta MLT"]
[Date "1980.11.21"]
[Round "2.3"]
[White "Taruffi, Daniele"]
[Black "Rodriguez, Ruben"]
[Result "1/2-1/2"]
[WhiteElo "2345"]
[BlackElo "2375"]
[Annotator "ITA-PHI"]
[PlyCount "47"]
[EventDate "1980.11.20"]

1. e4 c5 2. Nf3 e6 3. c3 Nf6 4. e5 Nd5 5. d4 cxd4 6. cxd4 b6 7. Bd3 Bb7 8. O-O
Be7 9. Nbd2 Na6 10. Ne4 f5 11. exf6 Nxf6 12. Nxf6+ Bxf6 13. Ne5 Qe7 14. Bf4 O-O
15. Qg4 Bxe5 16. Bxe5 Nb4 17. Qg3 Nxd3 18. Bd6 Qf6 19. Qxd3 Qg5 20. Qg3 Qxg3
21. Bxg3 Rfc8 22. Rfc1 Bd5 23. a3 Bb3 24. Bc7 1/2-1/2

[Event "XXIV Olimpiadi"]
[Site "La Valletta MLT"]
[Date "1980.11.21"]
[Round "2.4"]
[White "Pacis, Adrian"]
[Black "Passerotti, Pierluigi"]
[Result "1-0"]
[WhiteElo "2290"]
[BlackElo "2330"]
[Annotator "ITA-PHI"]
[PlyCount "77"]
[EventDate "1980.11.20"]

1. e4 e5 2. Nf3 Nc6 3. Bc4 Nf6 4. d3 h6 5. O-O d6 6. c3 Be7 7. Bb3 O-O 8. Nbd2
Re8 9. Re1 Bf8 10. Bc2 Nh5 11. d4 Nf4 12. d5 Ne7 13. Nf1 Neg6 14. Ne3 Qf6 15.
c4 Be7 16. a4 Nh4 17. Nxh4 Qxh4 18. Ra3 g6 19. Rf1 Qf6 20. Kh1 Qg7 21. g3 Nh5
22. f4 Bh3 23. Rg1 Kh8 24. Qf3 Rf8 25. Nd1 Bd7 26. Nf2 Rae8 27. f5 Bg5 28. Bxg5
hxg5 29. Ng4 gxf5 30. exf5 Nf6 31. Nxf6 Qxf6 32. h4 Kg7 33. Qg4 Rh8 34. Kg2
Reg8 35. Qxg5+ Qxg5 36. hxg5 Rh5 37. g4 Rxg5 38. Rg3 Rh8 39. Rh1 $138 1-0

[Event "XXIV Olimpiadi"]
[Site "La Valletta MLT"]
[Date "1980.11.22"]
[Round "3.1"]
[White "De Bruycker, Bernard"]
[Black "Toth, Bela"]
[Result "1/2-1/2"]
[WhiteElo "2350"]
[BlackElo "2390"]
[Annotator "ITA-BEL"]
[PlyCount "117"]
[EventDate "1980.11.20"]

1. d4 Nf6 2. g3 d5 3. Bg2 e6 4. Nf3 c5 5. O-O Nc6 6. c4 dxc4 7. Qa4 Bd7 8. dxc5
Na5 9. Qa3 b6 10. b4 cxb3 11. axb3 Bxc5 12. b4 Be7 13. Ne5 Rc8 14. Nd2 O-O 15.
Qb2 Nc6 16. Nxc6 Bxc6 17. Bxc6 Rxc6 18. Rxa7 Nd5 19. b5 Bf6 20. Qb3 Rc3 21. Qa4
Bg5 22. Nb3 Bxc1 23. Rxc1 Rxc1+ 24. Nxc1 Nc3 25. Qc4 Qd1+ 26. Kg2 Qxc1 27. Rc7
Qb2 28. Qxc3 Qxb5 29. Qf3 h6 30. h4 Qe5 31. Rb7 Qd6 32. e4 Qc6 33. e5 Qc5 34.
Qb3 Qxe5 35. Qxb6 Qe4+ 36. Kh2 Qe5 37. Re7 Qd5 38. Rb7 Kh7 39. Qa7 Qf3 40. Rc7
Kg8 41. Rb7 Ra8 42. Rb8+ Rxb8 43. Qxb8+ Kh7 44. Kg1 Qe4 45. Qc7 Qe1+ 46. Kg2
Qe4+ 47. Kg1 Qf5 48. Qc4 Qd5 49. Qg4 h5 50. Qe2 Kg6 51. Qe3 f6 52. Qa7 Qd1+ 53.
Kg2 Qd5+ 54. Kg1 Qf3 55. Qd7 Qe2 56. Kg2 Qe4+ 57. Kg1 Kh7 58. Qe8 Qe1+ 59. Kg2
{...} 1/2-1/2

[Event "XXIV Olimpiadi"]
[Site "La Valletta MLT"]
[Date "1980.11.23"]
[Round "4.1"]
[White "Toth, Bela"]
[Black "Ipek, Ali"]
[Result "1-0"]
[WhiteElo "2390"]
[BlackElo "2285"]
[Annotator "ITA-TUR"]
[PlyCount "81"]
[EventDate "1980.11.20"]

1. d4 Nf6 2. c4 e6 3. Nc3 Bb4 4. e3 O-O 5. a3 Bxc3+ 6. bxc3 b6 7. Ne2 Bb7 8.
Ng3 d5 9. cxd5 exd5 10. f3 Re8 11. Bd3 c5 12. O-O Nbd7 13. Qe2 Nf8 14. Qf2 Qc7
15. Bb2 Ng6 16. Rad1 a5 17. Rfe1 Re6 18. e4 dxe4 19. fxe4 Nf4 20. Bb1 Ng4 21.
Qf3 Rg6 22. d5 c4 23. Bc1 Qc5+ 24. Be3 Nxe3 25. Qxe3 Qxe3+ 26. Rxe3 Rd6 27. Nf5
Rd7 28. Bc2 b5 29. Rb1 Ba6 30. Nd4 Rb8 31. Nc6 Rb6 32. Nxa5 g6 33. Nxc4 Rf6 34.
e5 Rf5 35. Bxf5 gxf5 36. e6 fxe6 37. dxe6 Re7 38. Nd6 Nd5 39. Re5 Nxc3 40. Rbe1
f4 41. Nf5 1-0

[Event "XXIV Olimpiadi"]
[Site "La Valletta MLT"]
[Date "1980.11.23"]
[Round "4.2"]
[White "Gumrukcuoglu, Ergun"]
[Black "Passerotti, Pierluigi"]
[Result "1/2-1/2"]
[WhiteElo "2210"]
[BlackElo "2330"]
[Annotator "ITA-TUR"]
[PlyCount "32"]
[EventDate "1980.11.20"]

1. e4 e5 2. Nf3 Nc6 3. Bb5 a6 4. Bxc6 dxc6 5. d4 exd4 6. Qxd4 Qxd4 7. Nxd4 Bd7
8. Be3 O-O-O 9. Nd2 Re8 10. O-O-O g6 11. Rhe1 c5 12. Ne2 Nh6 13. f3 f5 14. Nf4
Bc6 15. Nd5 Bxd5 16. exd5 Nf7 1/2-1/2

[Event "XXIV Olimpiadi"]
[Site "La Valletta MLT"]
[Date "1980.11.23"]
[Round "4.3"]
[White "Trabattoni, Franco"]
[Black "Oney, Feridun"]
[Result "0-1"]
[WhiteElo "2325"]
[BlackElo "2270"]
[Annotator "ITA-TUR"]
[PlyCount "108"]
[EventDate "1980.11.20"]

1. e4 Nf6 2. e5 Nd5 3. d4 d6 4. Nf3 g6 5. Bc4 c6 6. O-O Bg7 7. Nbd2 O-O 8. exd6
exd6 9. Ne4 h6 10. Bb3 Nf6 11. Ng3 Nbd7 12. Qd3 Nd5 13. Bd2 a5 14. a3 a4 15.
Ba2 N7f6 16. c4 Nc7 17. Rfe1 Be6 18. Bf4 b6 19. h3 Ra5 20. Bd2 Ra8 21. Qc2 b5
22. Rec1 bxc4 23. Bxc4 Nfd5 24. Bd3 Nb5 25. Ne2 Bd7 26. Nc3 Nbxc3 27. bxc3 Qf6
28. Qd1 Nf4 29. Bf1 g5 30. Nh2 Be6 31. Ng4 Qf5 32. Be3 Bb3 33. Qd2 Nd5 34. Bd3
Qd7 35. f4 Rae8 36. Re1 f5 37. Nh2 Nxe3 38. Rxe3 c5 39. Rxe8 Rxe8 40. dxc5 Qa7
41. Re1 Qxc5+ 42. Kh1 Rxe1+ 43. Qxe1 Kf8 44. fxg5 hxg5 45. Qf1 f4 46. Qf3 Qd5
47. Qe2 Bxc3 48. Nf1 Qd4 49. Bb5 Qe5 50. Qd3 Bd4 51. Ba6 Bc5 52. Qg6 Qd4 53.
Qh6+ Ke8 54. Bb5+ Kd8 0-1

[Event "XXIV Olimpiadi"]
[Site "La Valletta MLT"]
[Date "1980.11.25"]
[Round "5.1"]
[White "Diez Del Corral, Jesus"]
[Black "Toth, Bela"]
[Result "1-0"]
[WhiteElo "2485"]
[BlackElo "2390"]
[Annotator "ITA-ESP"]
[PlyCount "99"]
[EventDate "1980.11.20"]

1. e4 e5 2. Nf3 Nf6 3. Nxe5 d6 4. Nf3 Nxe4 5. Nc3 Nf6 6. d4 Bf5 7. d5 Bg4 8.
Be2 g6 9. O-O Bg7 10. Bb5+ Kf8 11. Be2 h6 12. h3 Bxf3 13. Bxf3 Kg8 14. Be3 Kh7
15. Qd2 Nbd7 16. Rfe1 Re8 17. Rad1 a6 18. a4 Nf8 19. Be2 Qd7 20. a5 Ng8 21. b4
f5 22. Bc4 Re7 23. Ne2 Rae8 24. Nf4 Nf6 25. f3 g5 26. Ne6 f4 27. Bd4 Nxe6 28.
dxe6 Qd8 29. Qd3+ Kh8 30. c3 Ng8 31. Qe4 Bxd4+ 32. cxd4 Qb8 33. h4 Rg7 34. hxg5
Rxg5 35. Qxf4 d5 36. Bd3 c6 37. Qxb8 Rxb8 38. Kf2 Nf6 39. Re5 Kg7 40. Rde1 Rxe5
41. dxe5 Ne8 42. f4 Nc7 43. f5 b6 44. axb6 Rxb6 45. f6+ Kf8 46. e7+ Kf7 47. Be2
Rb8 48. Bh5+ Ke6 49. Bg4+ Kf7 50. Rc1 1-0

[Event "XXIV Olimpiadi"]
[Site "La Valletta MLT"]
[Date "1980.11.25"]
[Round "5.2"]
[White "Zichichi, Alvise"]
[Black "Bellon Lopez, Juan Manuel"]
[Result "1/2-1/2"]
[WhiteElo "2395"]
[BlackElo "2430"]
[Annotator "ITA-ESP"]
[PlyCount "113"]
[EventDate "1980.11.20"]

1. Nf3 d5 2. c4 c6 3. cxd5 cxd5 4. d4 Nc6 5. Nc3 Nf6 6. Bf4 Bf5 7. e3 e6 8. Bb5
Nd7 9. Qa4 Qb6 10. Nh4 Be4 11. O-O Be7 12. Nxe4 dxe4 13. d5 Nc5 14. dxc6 O-O
15. Qc4 bxc6 16. Ba4 Nxa4 17. Qxa4 Bxh4 18. Qxe4 Bf6 19. Be5 Bxe5 20. Qxe5 Rfd8
21. Qc3 Rd5 22. Rfd1 h6 23. Rxd5 cxd5 24. Rc1 a5 25. g3 Qb4 26. Qxb4 axb4 27.
b3 g5 28. g4 h5 29. gxh5 Rxa2 30. Rc8+ Kg7 31. Rb8 Kh6 32. Rxb4 Kxh5 33. Rb8
Kg4 34. Kg2 Kf5 35. b4 Ke5 36. b5 Rb2 37. b6 Kd6 38. b7 Kc6 39. Rg8 Rxb7 40.
Rxg5 Kd6 41. h4 f6 42. Rh5 e5 43. Rh8 Ke6 44. h5 Kf5 45. Kf3 Rd7 46. h6 d4 47.
exd4 Rxd4 48. Ke3 Rh4 49. f3 Rh2 50. h7 Kg6 51. f4 Rh3+ 52. Ke2 e4 53. Re8 Rxh7
54. Rxe4 Kf5 55. Ra4 Rh3 56. Kf2 Kg4 57. f5+ 1/2-1/2

[Event "XXIV Olimpiadi"]
[Site "La Valletta MLT"]
[Date "1980.11.25"]
[Round "5.3"]
[White "Pomar Salamanca, Arturo"]
[Black "Taruffi, Daniele"]
[Result "1-0"]
[WhiteElo "2410"]
[BlackElo "2345"]
[Annotator "ITA-ESP"]
[PlyCount "55"]
[EventDate "1980.11.20"]

1. d4 d5 2. c4 e6 3. Nc3 Nf6 4. Bg5 Nbd7 5. e3 c6 6. Nf3 Qa5 7. Nd2 Bb4 8. Qc2
O-O 9. Be2 c5 10. dxc5 dxc4 11. O-O Bxc3 12. bxc3 Qxc5 13. Bh4 b6 14. Bxc4 Bb7
15. Be2 Rfc8 16. Rfc1 Nd5 17. Ne4 Qc6 18. Ng5 g6 19. Bf3 Ne5 20. Qe4 f6 21. c4
Nxf3+ 22. Nxf3 g5 23. Nd4 Qd7 24. cxd5 exd5 25. Qf3 gxh4 26. Qxf6 h3 27. Nf5 h6
28. Ne7+ 1-0

[Event "XXIV Olimpiadi"]
[Site "La Valletta MLT"]
[Date "1980.11.26"]
[Round "6.1"]
[White "Zichichi, Alvise"]
[Black "Garcia Martinez, Silvino"]
[Result "1/2-1/2"]
[WhiteElo "2395"]
[BlackElo "2450"]
[Annotator "ITA-CUB"]
[PlyCount "40"]
[EventDate "1980.11.20"]

1. c4 Nf6 2. Nc3 e6 3. Nf3 Bb4 4. Qc2 c5 5. a3 Bxc3 6. Qxc3 Nc6 7. b4 b6 8. e3
O-O 9. Bb2 Bb7 10. Be2 d6 11. O-O e5 12. Rfd1 Re8 13. d3 Rc8 14. b5 Ne7 15. e4
Ng6 16. g3 h6 17. Ne1 Nh7 18. f4 Rc7 19. f5 Ne7 20. Bg4 g6 1/2-1/2

[Event "XXIV Olimpiadi"]
[Site "La Valletta MLT"]
[Date "1980.11.26"]
[Round "6.2"]
[White "Rodriguez Cespedes, Amador"]
[Black "Passerotti, Pierluigi"]
[Result "1-0"]
[WhiteElo "2420"]
[BlackElo "2330"]
[Annotator "ITA-CUB"]
[PlyCount "67"]
[EventDate "1980.11.20"]

1. e4 e5 2. Nf3 Nc6 3. Bb5 a6 4. Ba4 Nf6 5. O-O Nxe4 6. d4 b5 7. Bb3 d5 8. dxe5
Be6 9. c3 Be7 10. Nbd2 O-O 11. Bc2 f5 12. Nb3 Qd7 13. Nbd4 Nxd4 14. Nxd4 c5 15.
Nxe6 Qxe6 16. f3 Ng5 17. a4 g6 18. Qe2 Qc6 19. Bxg5 Bxg5 20. f4 Be7 21. g4 b4
22. Rad1 c4 23. gxf5 b3 24. Bb1 gxf5 25. Qg2+ Kf7 26. Kh1 Ke6 27. Rf3 Kd7 28.
Rg3 Kc7 29. Rg7 Qe6 30. Qxd5 Qxd5+ 31. Rxd5 Kc6 32. Rd4 Bc5 33. Rdd7 Be3 34.
Rd6+ 1-0

[Event "XXIV Olimpiadi"]
[Site "La Valletta MLT"]
[Date "1980.11.26"]
[Round "6.3"]
[White "Trabattoni, Franco"]
[Black "Nogueiras Santiago, Jesus"]
[Result "0-1"]
[WhiteElo "2325"]
[BlackElo "2455"]
[Annotator "ITA-CUB"]
[PlyCount "76"]
[EventDate "1980.11.20"]

1. e4 e6 2. d4 c5 3. Nf3 cxd4 4. Nxd4 Nf6 5. Nc3 Bb4 6. e5 Nd5 7. Qg4 O-O 8. a3
f5 9. Qg3 Ba5 10. Bd2 Nc6 11. Nxc6 bxc6 12. Bd3 Nxc3 13. bxc3 d5 14. O-O c5 15.
Rab1 Qc7 16. Rfe1 Bd7 17. Qh4 c4 18. Bf1 Ba4 19. Rbc1 Rf7 20. Re3 h6 21. Rg3
Qxe5 22. Bxh6 f4 23. Rg4 Raf8 24. Bg5 Bxc3 25. Qh5 Be8 26. Qh4 Rf5 27. Rb1 Bd4
28. Rb7 Bxf2+ 29. Qxf2 Rxg5 30. Rxg5 Qxg5 31. Rxa7 f3 32. g3 e5 33. h4 Qf6 34.
Qc5 Bf7 35. a4 Qg6 36. Qf2 e4 37. c3 e3 38. Qxf3 Qb6 0-1

[Event "XXIV Olimpiadi"]
[Site "La Valletta MLT"]
[Date "1980.11.27"]
[Round "7.1"]
[White "Chandler, Murray Graham"]
[Black "Toth, Bela"]
[Result "1/2-1/2"]
[WhiteElo "2450"]
[BlackElo "2390"]
[Annotator "ITA-NZL"]
[PlyCount "76"]
[EventDate "1980.11.20"]

1. d4 Nf6 2. c4 e6 3. Nc3 Bb4 4. e3 b6 5. Nge2 Ba6 6. Nf4 O-O 7. Bd3 c5 8. O-O
cxd4 9. exd4 Bxc3 10. bxc3 d5 11. cxd5 Bxd3 12. Qxd3 Nxd5 13. Nh3 Nc6 14. Bb2
Qh4 15. c4 Nf6 16. f4 Rfd8 17. Rad1 Rac8 18. Bc3 Qh6 19. Ng5 Qg6 20. Qe3 h6 21.
Nf3 Qe4 22. Qc1 Nh5 23. g3 Qe2 24. d5 exd5 25. Rxd5 Rxd5 26. cxd5 Ne7 27. d6
Nd5 28. d7 Rd8 29. Bd4 Nhf6 30. Bxf6 Nxf6 31. Ne5 Qe4 32. Qc8 Qd4+ 33. Kg2 Qd5+
34. Rf3 Qxa2+ 35. Kg1 Qa1+ 36. Kg2 Qa2+ 37. Kg1 Qa1+ 38. Kg2 Qa2+ 1/2-1/2

[Event "XXIV Olimpiadi"]
[Site "La Valletta MLT"]
[Date "1980.11.27"]
[Round "7.2"]
[White "Zichichi, Alvise"]
[Black "Sarapu, Ortvin"]
[Result "1-0"]
[WhiteElo "2395"]
[BlackElo "2330"]
[Annotator "ITA-NZL"]
[PlyCount "93"]
[EventDate "1980.11.20"]

1. Nf3 Nf6 2. c4 b6 3. Nc3 Bb7 4. d4 e6 5. a3 Be7 6. d5 O-O 7. e4 d6 8. Be2
Nbd7 9. O-O Ne5 10. Nd4 c5 11. Nc2 exd5 12. cxd5 a6 13. f4 Ng6 14. a4 Re8 15.
Re1 Bf8 16. Bf1 Qc7 17. Na3 Rab8 18. Bd2 Nd7 19. g3 Be7 20. Bc4 Bf6 21. Qf3
Bd4+ 22. Be3 Bxe3+ 23. Rxe3 Nf6 24. Rae1 Bc8 25. Qf1 Ra8 26. h3 h5 27. e5 dxe5
28. fxe5 Rxe5 29. Rxe5 Nxe5 30. Qf4 Nfd7 31. d6 Qxd6 32. Bd5 Rb8 33. Nc4 Qf6
34. Nxe5 Qxf4 35. gxf4 Nxe5 36. Rxe5 Bxh3 37. Re7 Rf8 38. Rb7 b5 39. a5 Be6 40.
Bxe6 fxe6 41. Ne4 Rxf4 42. Nxc5 Rg4+ 43. Kh2 Rc4 44. Nxa6 Rc2+ 45. Kg3 Rxb2 46.
Nc7 g5 47. a6 1-0

[Event "XXIV Olimpiadi"]
[Site "La Valletta MLT"]
[Date "1980.11.28"]
[Round "8.1"]
[White "Toth, Bela"]
[Black "Quinteros, Miguel Angel"]
[Result "0-1"]
[WhiteElo "2390"]
[BlackElo "2515"]
[Annotator "ITA-ARG"]
[PlyCount "98"]
[EventDate "1980.11.20"]

1. d4 Nf6 2. c4 g6 3. Nc3 Bg7 4. e4 d6 5. Nf3 O-O 6. Be2 e5 7. Bg5 h6 8. Bh4
Qe8 9. d5 a5 10. Nd2 Na6 11. Rb1 Bd7 12. b3 Nh7 13. f3 h5 14. O-O Bh6 15. Bf2
Qe7 16. Re1 h4 17. Nf1 Bf4 18. Kh1 Kg7 19. a3 Nc5 20. Ra1 Rh8 21. b4 axb4 22.
axb4 Rxa1 23. Qxa1 Nb3 24. Qd1 Nd4 25. Bxd4 exd4 26. Qxd4+ Nf6 27. Bd1 Be5 28.
Qd3 Nh5 29. Ne2 Ra8 30. Bb3 Ra6 31. Rb1 Qg5 32. Qe3 Qf6 33. Qd3 Ba4 34. Nd2
Bxb3 35. Rxb3 Ra2 36. Nf1 Qg5 37. Ra3 Rb2 38. Rb3 Rxb3 39. Qxb3 Nf4 40. Nxf4
Qxf4 41. Qe3 Qf6 42. Qd3 Bc3 43. b5 Bb4 44. h3 Qa1 45. Qe2 Bc5 46. g3 hxg3 47.
Kg2 Qd4 48. Kxg3 Qg1+ 49. Kf4 Bd4 0-1

[Event "XXIV Olimpiadi"]
[Site "La Valletta MLT"]
[Date "1980.11.28"]
[Round "8.2"]
[White "Rubinetti, Jorge Alberto"]
[Black "Zichichi, Alvise"]
[Result "1-0"]
[WhiteElo "2445"]
[BlackElo "2395"]
[Annotator "ITA-ARG"]
[PlyCount "77"]
[EventDate "1980.11.20"]

1. c4 e6 2. Nf3 d5 3. g3 Nf6 4. Bg2 c5 5. O-O Nc6 6. d4 dxc4 7. Ne5 Bd7 8. Nxc6
Bxc6 9. Bxc6+ bxc6 10. Qa4 Rc8 11. dxc5 Bxc5 12. Qxc4 Qd5 13. Qc2 Ng4 14. Nd2
Bb6 15. h3 Nxf2 16. Rxf2 Qd4 17. e3 Qxe3 18. Nf1 Qe1 19. b3 O-O 20. Bb2 Qa5 21.
Qc3 Qg5 22. Qe5 Qxe5 23. Bxe5 Rfd8 24. Kg2 Bxf2 25. Kxf2 Rd5 26. Bc3 Rf5+ 27.
Ke2 Rc5 28. Rc1 Rb8 29. Ne3 a5 30. Nc4 a4 31. Be5 Rbb5 32. Bd6 axb3 33. Bxc5 b2
34. Rb1 Rxc5 35. Rxb2 h5 36. Rb4 f5 37. a4 h4 38. gxh4 f4 39. a5 1-0

[Event "XXIV Olimpiadi"]
[Site "La Valletta MLT"]
[Date "1980.11.28"]
[Round "8.3"]
[White "Taruffi, Daniele"]
[Black "Debarnot, Roberto Luis"]
[Result "1-0"]
[WhiteElo "2345"]
[BlackElo "2430"]
[Annotator "ITA-ARG"]
[PlyCount "65"]
[EventDate "1980.11.20"]

1. e4 e6 2. d4 d5 3. Nc3 Nf6 4. Bg5 Be7 5. e5 Nfd7 6. Bxe7 Qxe7 7. f4 O-O 8.
Nf3 c5 9. Qd2 Nc6 10. O-O-O Rb8 11. Be2 b5 12. Bxb5 Nxd4 13. Nxd4 cxd4 14. Qxd4
a6 15. Be2 Rb4 16. Qf2 f6 17. exf6 Rxf6 18. g3 g5 19. a3 Rb8 20. Qe3 Qc5 21.
Qxc5 Nxc5 22. fxg5 Rf2 23. Rdf1 Rxf1+ 24. Rxf1 d4 25. Nd1 Rb6 26. Nf2 Rd6 27.
b4 Nd7 28. Ng4 Rd5 29. Nh6+ Kg7 30. Rf7+ Kg6 31. h4 e5 32. Bd3+ Kh5 33. Rg7 1-0

[Event "XXIV Olimpiadi"]
[Site "La Valletta MLT"]
[Date "1980.11.29"]
[Round "9.1"]
[White "Handoko, Edhi"]
[Black "Toth, Bela"]
[Result "1/2-1/2"]
[WhiteElo "2290"]
[BlackElo "2390"]
[Annotator "ITA-INA"]
[PlyCount "126"]
[EventDate "1980.11.20"]

1. c4 e5 2. Nc3 Nc6 3. g3 d6 4. Bg2 g6 5. Nf3 Bg7 6. O-O Nge7 7. d3 h6 8. Nd5
O-O 9. Bd2 Nxd5 10. cxd5 Ne7 11. e4 c6 12. dxc6 Nxc6 13. Bc3 b5 14. a3 Qb6 15.
Qd2 Be6 16. Nh4 Rad8 17. Kh1 d5 18. f4 dxe4 19. Bxe4 exf4 20. Bxg7 Kxg7 21.
gxf4 Bd5 22. Qg2 Bxe4 23. dxe4 Kh7 24. Rae1 Rde8 25. Rf3 Nd4 26. Rd3 Qf6 27.
Qf2 Rd8 28. Red1 Nc6 29. Kg2 Rxd3 30. Rxd3 Rd8 31. Rxd8 Qxd8 32. Nf3 Qd3 33. e5
Qe4 34. Qc5 Kg7 35. Qd6 Kg8 36. Kg3 a5 37. Qc5 b4 38. axb4 axb4 39. b3 Kg7 40.
Kf2 Nd8 41. Qd4 Qc2+ 42. Kg3 Ne6 43. Qxb4 Nc5 44. Qc4 Ne4+ 45. Kh3 Nf2+ 46. Kg2
Qa2 47. Qd4 Ne4+ 48. Kf1 Qb1+ 49. Ne1 Kh7 50. Qe3 Kg7 51. Qd4 Kh7 52. Ke2 Qa2+
53. Ke3 Nf2 54. Kf3 Nh3 55. Kg3 Qxb3+ 56. Qd3 Qe6 57. Nf3 Qg4+ 58. Kxg4 Nf2+
59. Kg3 Nxd3 60. h4 Nc1 61. Nd4 Kg7 62. Kf3 Nd3 63. Nc2 g5 1/2-1/2

[Event "XXIV Olimpiadi"]
[Site "La Valletta MLT"]
[Date "1980.11.29"]
[Round "9.2"]
[White "Taruffi, Daniele"]
[Black "Suradiradja, Herman"]
[Result "1-0"]
[WhiteElo "2345"]
[BlackElo "2340"]
[Annotator "ITA-INA"]
[PlyCount "117"]
[EventDate "1980.11.20"]

1. e4 c5 2. Nf3 e6 3. c3 Nf6 4. e5 Nd5 5. d4 cxd4 6. cxd4 d6 7. a3 Be7 8. Bd3
dxe5 9. dxe5 Nd7 10. O-O Nc5 11. Bc2 a5 12. Qd4 O-O 13. Nc3 Nxc3 14. Qxc3 b6
15. Rd1 Qc7 16. Ng5 h6 17. Ne4 f5 18. exf6 Bxf6 19. Nxf6+ Rxf6 20. Be3 Bb7 21.
Bd4 Rf7 22. Rac1 Qf4 23. Qg3 Qxg3 24. hxg3 Bd5 25. Bg6 Rb7 26. Rc3 Ne4 27. Re3
Nd6 28. Ree1 Rd8 29. g4 Bb3 30. Rc1 Nb5 31. Be5 Bd5 32. f3 Na7 33. Red1 Nc8 34.
Kf2 Ne7 35. Bb1 Kf7 36. Kg3 Rc8 37. Rxc8 Nxc8 38. g5 hxg5 39. Kg4 Ne7 40. Kxg5
Rd7 41. Rh1 Kg8 42. Rh4 Nc6 43. Bh7+ Kf8 44. Rf4+ Rf7 45. Bd6+ Ne7 46. Bg6 Rxf4
47. Kxf4 Bb3 48. Ke5 Bd5 49. Kf4 Bb3 50. Kg5 Bc4 51. f4 Bb5 52. g4 Be8 53. Bxe8
Kxe8 54. Bxe7 Kxe7 55. Kg6 Kf8 56. a4 Kg8 57. g5 Kf8 58. Kh7 Kf7 59. b3 1-0

[Event "XXIV Olimpiadi"]
[Site "La Valletta MLT"]
[Date "1980.11.29"]
[Round "9.3"]
[White "Ardiansyah, Haji"]
[Black "Passerotti, Pierluigi"]
[Result "1/2-1/2"]
[WhiteElo "2365"]
[BlackElo "2330"]
[Annotator "ITA-INA"]
[PlyCount "47"]
[EventDate "1980.11.20"]

1. e4 e5 2. Nf3 Nc6 3. Bb5 a6 4. Ba4 Nf6 5. O-O Nxe4 6. d4 b5 7. Bb3 d5 8. dxe5
Be6 9. c3 Be7 10. Nbd2 O-O 11. Qe2 Bf5 12. Nd4 Nxd4 13. cxd4 c5 14. Nxe4 dxe4
15. dxc5 Bxc5 16. Be3 Qe7 17. Bd5 Rad8 18. Bxe4 Qxe5 19. Bxf5 Qxf5 20. Bxc5
Qxc5 21. Rad1 h6 22. Rxd8 Rxd8 23. Rd1 Rxd1+ 24. Qxd1 1/2-1/2

[Event "XXIV Olimpiadi"]
[Site "La Valletta MLT"]
[Date "1980.11.29"]
[Round "9.4"]
[White "Trabattoni, Franco"]
[Black "Gunawan, Ronny"]
[Result "1/2-1/2"]
[WhiteElo "2325"]
[BlackElo "2375"]
[Annotator "ITA-INA"]
[PlyCount "60"]
[EventDate "1980.11.20"]

1. e4 e6 2. d4 d5 3. Nd2 Nf6 4. e5 Nfd7 5. Ngf3 c5 6. c3 Nc6 7. Be2 Qb6 8. Nb3
a5 9. dxc5 Nxc5 10. Be3 a4 11. Nxc5 Bxc5 12. Bxc5 Qxc5 13. Qd2 Bd7 14. O-O O-O
15. Bd3 Na5 16. Qe2 Rfc8 17. Rad1 Nc4 18. Bxc4 Qxc4 19. Qxc4 Rxc4 20. a3 Re4
21. Rfe1 Rxe1+ 22. Rxe1 Bb5 23. Nd4 Bc4 24. Rd1 Kf8 25. f4 Ra6 26. Rd2 f6 27.
Kf2 Ke7 28. Ke3 Ra8 29. Rf2 h6 30. g3 Rc8 1/2-1/2

[Event "XXIV Olimpiadi"]
[Site "La Valletta MLT"]
[Date "1980.11.30"]
[Round "10.1"]
[White "Ravisekhar, Raja"]
[Black "Toth, Bela"]
[Result "0-1"]
[WhiteElo "2325"]
[BlackElo "2390"]
[Annotator "ITA-IND"]
[PlyCount "91"]
[EventDate "1980.11.20"]

1. d4 Nf6 2. c4 e6 3. Nc3 Bb4 4. e3 b6 5. Bd3 Bb7 6. Nf3 O-O 7. O-O c5 8. Na4
cxd4 9. exd4 Be7 10. a3 d6 11. b4 Nbd7 12. Bb2 Re8 13. Re1 Bf8 14. Nc3 a6 15.
Bf1 Rc8 16. Rc1 Qc7 17. Nd2 g6 18. Rc2 Bg7 19. Nb3 Qb8 20. Bc1 e5 21. d5 h6 22.
a4 Rc7 23. Ba3 Bf8 24. Rc1 Rec8 25. Qd2 Qa8 26. Red1 Rd8 27. f3 Ne8 28. Qe3 Ng7
29. g4 Kh7 30. a5 bxa5 31. Nxa5 Be7 32. Rb1 Bg5 33. Qf2 f5 34. c5 Nf6 35. c6
Bc8 36. h3 fxg4 37. fxg4 Bxg4 38. hxg4 Nxg4 39. Qf3 Qa7+ 40. Kh1 Nf2+ 41. Kg2
Rf7 42. Qe2 Rdf8 43. b5 Nxd1 44. Nxd1 axb5 45. c7 Rxf1 46. Qxf1 0-1

[Event "XXIV Olimpiadi"]
[Site "La Valletta MLT"]
[Date "1980.11.30"]
[Round "10.2"]
[White "Taruffi, Daniele"]
[Black "Ravikumar, Vaidyanathan"]
[Result "1-0"]
[WhiteElo "2345"]
[BlackElo "2305"]
[Annotator "ITA-IND"]
[PlyCount "93"]
[EventDate "1980.11.20"]

1. e4 c5 2. Nf3 e6 3. c3 Nf6 4. e5 Nd5 5. d4 cxd4 6. cxd4 b6 7. Bd3 Ba6 8. O-O
Be7 9. Nc3 Nxc3 10. bxc3 h6 11. c4 Nc6 12. d5 Na5 13. d6 Bf8 14. Nd4 Rc8 15.
Nb5 Bxb5 16. cxb5 g6 17. Bb2 Bg7 18. Rc1 O-O 19. Qa4 Qg5 20. f4 Qg4 21. Qb4 Kh7
22. Bd4 f5 23. Qe1 Rxc1 24. Qxc1 g5 25. Qc7 gxf4 26. Rf3 Rf7 27. Qxa7 Bh8 28.
h3 Qg5 29. Qxb6 Rg7 30. Rf2 f3 31. Qxa5 fxg2 32. Qd2 Qh4 33. Bc2 Rg3 34. Rxg2
Rxh3 35. Kf1 Rh1+ 36. Rg1 Rh2 37. Rg2 Rh1+ 38. Ke2 Qh3 39. Kf2 Qh4+ 40. Ke2 Qh3
41. Rg1 Rh2+ 42. Bf2 Bxe5 43. Qe3 Qh4 44. Qa7 Bg3 45. Qxd7+ Kh8 46. Qe8+ Kg7
47. Qe7+ 1-0

[Event "XXIV Olimpiadi"]
[Site "La Valletta MLT"]
[Date "1980.11.30"]
[Round "10.3"]
[White "Meetei, A.B."]
[Black "Passerotti, Pierluigi"]
[Result "0-1"]
[WhiteElo "2340"]
[BlackElo "2330"]
[Annotator "ITA-IND"]
[PlyCount "56"]
[EventDate "1980.11.20"]

1. e4 c5 2. Nf3 d6 3. d4 cxd4 4. Nxd4 Nf6 5. Nc3 g6 6. Be3 Bg7 7. f3 Nc6 8. Qd2
O-O 9. Bc4 Bd7 10. h4 Rc8 11. Bb3 h5 12. O-O-O Ne5 13. Bg5 Rc5 14. Kb1 b5 15.
f4 Nc4 16. Bxc4 bxc4 17. Bxf6 Bxf6 18. e5 Bg7 19. exd6 exd6 20. Nde2 Qb6 21.
Nd4 Rb8 22. b3 a5 23. Nce2 a4 24. c3 cxb3 25. axb3 Bg4 26. Rde1 Bxe2 27. Rxe2
Bxd4 28. cxd4 Qxb3+ 0-1